000 00397 a2200145 4500
005 20250626133156.0
020 _a0 8264 5561 1
082 _a658. 403 LUC
100 _aLUCEY, T.
245 _aQuantitative Techniques.
250 _a5th Ed
260 _aNew York,
_bEducational low-Priced Sponsored Texts,
_c1996.
300 _avi, 481p.: ill.; figure, graph, table
_bIndex
_c25cm
942 _2ddc
_cBKS
999 _c2385
_d2385